000 01317 a2200289 4500
003 dpl
005 20090302111155.0
008 080821t xxu||||| |||| 00| 0 eng d
010 _aENG-84947-48
020 _a8174874771 (set)
_c1195.00 (Set)
020 _a817487478X (v.1)
035 _aEN-68480-81
037 _bD.B.Act / Pub
040 _aDPL
_cDPL
082 _a350.0003
100 _aNishant Singh
245 _aAn encyclopaedic dictionary of public administration
_b(A-J)
_cby Nishant Singh
246 _aPublic administration
260 _aNew Delhi
_bRadha Publications
_c2007
270 _a4231/1, Ansari Road, Darya Ganj,
_bNew Delhi
_cDelhi
_e110002
_k23254306
300 _a2v.
_c21 cm (Hb)
650 _aPublic administration
_xDictionary
942 _adpl
_cEN
_k350.0003 / NIS
_2ddc
_h350.0003
_m NIS
999 _c302
_d302